| 000 | 00543nam a2200193 i 4500 | ||
|---|---|---|---|
| 001 | 142851 | ||
| 003 | ES-MaACL | ||
| 005 | 20230906200635.0 | ||
| 007 | t| | ||
| 008 | 071010s2006 sp ||||1| spa d | ||
| 080 | _a621.3(02) | ||
| 100 | 1 |
_aVidal Españó, Manuel. _9114483 |
|
| 245 | 1 | 0 |
_aEnciclopedia de la electricidad / _cpor Manuel Vidal Españó. |
| 250 | _a1ª ed. | ||
| 260 |
_aBarcelona : _bDe Gassó Hnos., _c[1960] |
||
| 300 |
_a412 p. ; _c20 cm. |
||
| 650 | 4 |
_aElectrotecnia. _912169 |
|
| 852 |
_aES-MaACL _jC-19701 _bR.47065 |
||
| 999 |
_c142851 _d142851 |
||